000 00450nam a2200169Ia 4500
008 090201s9999 xx 000 0 und d
010 _aKPL-19709
040 _bइंग्रजी
041 _aइंग्रजी
082 _a6246
_b19709
100 _amarvin kalb
245 _aroots of involvement
_cmarvin kalb
260 _c2004
_bpall mall press
300 _a336
_bमोठा
600 _aroots of involvement
942 _cBOOK
999 _c207075
_d207075